Strategic Retail Management and Brand Management (Record no. 4832)

MARC details
000 -CABECERA
campo de control de longitud fija 03519nam a22003853i 4500
001 - NÚMERO DE CONTROL
campo de control 991107213093406196
005 - FECHA Y HORA DE LA ÚLTIMA TRANSACCIÓN
campo de control 20251006122421.0
006 - CÓDIGOS DE INFORMACIÓN DE LONGITUD FIJA--CARACTERÍSTICAS DEL MATERIAL ADICIONAL
campo de control de longitud fija m o d |
007 - CAMPO FIJO DE DESCRIPCIÓN FÍSICA--INFORMACIÓN GENERAL
campo de control de longitud fija cr cnu||||||||
008 - DATOS DE LONGITUD FIJA--INFORMACIÓN GENERAL
campo de control de longitud fija 220322s2021 xx o ||||0 eng d
020 ## - NÚMERO INTERNACIONAL ESTÁNDAR DEL LIBRO
Número Internacional Estándar del Libro 9783110543834
024 7# - IDENTIFICADOR DE OTROS ESTÁNDARES
Número estándar o código 10.1515/9783110543827
Fuente del número o código doi
035 ## - NÚMERO DE CONTROL DEL SISTEMA
Número de control de sistema (CKB)5400000000010074
035 ## - NÚMERO DE CONTROL DEL SISTEMA
Número de control de sistema (MiAaPQ)EBC5158027
035 ## - NÚMERO DE CONTROL DEL SISTEMA
Número de control de sistema (Au-PeEL)EBL5158027
035 ## - NÚMERO DE CONTROL DEL SISTEMA
Número de control de sistema (DE-B1597)481013
035 ## - NÚMERO DE CONTROL DEL SISTEMA
Número de control de sistema (DE-B1597)9783110543827
035 ## - NÚMERO DE CONTROL DEL SISTEMA
Número de control de sistema (EXLCZ)995400000000010074
040 ## - FUENTE DE LA CATALOGACIÓN
Centro catalogador/agencia de origen MiAaPQ
Lengua de catalogación eng
Normas de descripción rda
-- pn
Centro/agencia transcriptor MiAaPQ
Centro/agencia modificador MiAaPQ
041 ## - CÓDIGO DE LENGUA
Código de lengua del texto/banda sonora o título independiente English
044 ## - CÓDIGO DEL PAÍS DE LA ENTIDAD EDITORA/PRODUCTORA
Código MARC del país gw
Código ISO del país DE
050 00 - SIGNATURA TOPOGRÁFICA DE LA BIBLIOTECA DEL CONGRESO
Número de clasificación HF5429
Número de documento/Ítem .B4465 2021
100 ## - ENTRADA PRINCIPAL--NOMBRE DE PERSONA
Nombre de persona Berger-Grabner, Doris
9 (RLIN) 25689
245 10 - MENCIÓN DE TÍTULO
Título Strategic Retail Management and Brand Management
Resto del título : Trends, Tactics, and Examples
Mención de responsabilidad, etc. / Doris Berger-Grabner
264 #1 - PRODUCCIÓN, PUBLICACIÓN, DISTRIBUCIÓN, FABRICACIÓN Y COPYRIGHT
Producción, publicación, distribución, fabricación y copyright Berlin ; Munich ; Boston, MA :
Nombre del de productor, editor, distribuidor, fabricante Walter de Gruyter GmbH,
Fecha de producción, publicación, distribución, fabricación o copyright 2021.
300 ## - DESCRIPCIÓN FÍSICA
Extensión 456 pages :
Otras características físicas illustrations, tables (some color) ;
Dimensiones 24 cm.
490 ## - MENCIÓN DE SERIE
Mención de serie De Gruyter Studium
505 ## - NOTA DE CONTENIDO CON FORMATO
Nota de contenido con formato Part One: Strategic Retail Management —<br/>An overview of strategic retail management —<br/>Strategic retail management —<br/>Marketing mix in retailing —<br/>E-commerce, E-tailing, and digitalization —<br/><br/>Part Two: Brand Management —<br/>An overview of Brand Management —<br/>Strategic brand management —<br/>Branding decisions —<br/>Brand communication —<br/>Branding and digitalization.
520 ## - SUMARIO, ETC.
Sumario, etc. In this book a comprehensive coverage of major retailing topics and contemporary issues in retailing and branding is given, including many cases and practical examples. Besides introducing the topic strategic planning in retailing and fundamentals in the fields of the marketing mix in retailing, this book builds on e-tailing and digitalization. Moreover, trends and developments in consumer behavior and consumers’ purchase decisions, especially in the fast moving consumer goods market, are explained. Furthermore, this book builds on the major topic strategic brand management and branding decisions in general and in particular within the retail landscape. The retail industry and associated business models have gone through a significant phase of disruption. The rapid emergence of new technologies, digital business models and the evolution of social media platforms as a new sales channel continue to influence the sector. Key contextual or external trends will affect and shape the retail landscape in the years to come. Therefore, it seems important to prepare for this situation and be ready with a head start in terms of knowledge. This textbook provides its readers basic knowledge about the national and international retail sector and gives important insights into trends and developments. It deals with key trends, in particular new patterns of personal consumption, evolving geopolitical dynamics, technological advancements and structural industry shifts. Moreover, it explains why it is so important that retailers use these trends, adapt their retail strategies and tactics, create strong brands and come up with innovative, new ways of doing business. Today we are living in a challenging time for retail. This textbook tries to give insights and explanations to better understand these challenges and provide managerial implications.
588 ## - NOTA DE FUENTE DE LA DESCRIPCIÓN
Nota de fuente de la descripción Description based on publisher supplied metadata and other sources.
650 #0 - PUNTO DE ACCESO ADICIONAL DE MATERIA--TÉRMINO DE MATERIA
Término de materia o nombre geográfico como elemento de entrada Branding (Marketing)
9 (RLIN) 6284
650 #0 - PUNTO DE ACCESO ADICIONAL DE MATERIA--TÉRMINO DE MATERIA
Término de materia o nombre geográfico como elemento de entrada Retail Management
9 (RLIN) 9152
650 #0 - PUNTO DE ACCESO ADICIONAL DE MATERIA--TÉRMINO DE MATERIA
Término de materia o nombre geográfico como elemento de entrada Consumer behaviour
9 (RLIN) 10286
942 ## - ELEMENTOS DE ENTRADA AGREGADA (KOHA)
Fuente del sistema de clasificación o colocación Clasificación de Library of Congress
Holdings
Estado de retiro Estado de pérdida Fuente del sistema de clasificación o colocación Estado dañado No para préstamo Biblioteca de origen Biblioteca actual Fecha de adquisición Total de préstamos Signatura topográfica completa Código de barras Fecha visto por última vez Número de copia Precio válido a partir de Tipo de ítem Koha
    Clasificación de Library of Congress     TBS Barcelona TBS Barcelona 07/07/2025   HF5429 BER B07655 07/07/2025 1 07/07/2025 Book

Powered by Koha